| 000 | 01292nam a22003017a 4500 | ||
|---|---|---|---|
| 003 | UPN | ||
| 005 | 20230308094949.0 | ||
| 008 | 220927s2019 spaabd|| |||| 00| 0 spa d | ||
| 020 | _a9786075243092 | ||
| 040 |
_aMX-MxUPN _bspa _cMX-MxUPN |
||
| 050 | 4 |
_aHQ1464 J35 _bG66 2019 |
|
| 100 | 1 |
_aGonzález Jiménez, Katya _946817 |
|
| 100 | 1 |
_aGonzález Ángel, Jaime _946818 |
|
| 100 | 1 |
_aOrtega Sánchez, Rosa María _946819 |
|
| 245 | 1 | 4 | _aLas mujeres en la región norte de Jalisco |
| 250 | _aPrimera edición | ||
| 260 |
_a[Guadalajara, Jalisco, México] : _bUniversidad de Guadalajara, Centro Universitario del Norte |
||
| 260 |
_aCiudad de México, México : _bMiguel Ángel Porrúa, _c©2019 |
||
| 300 |
_a142 páginas : _bilustraciones, fotografías en blanco y negro, mapas, gráficas |
||
| 490 | _aPolíticas públicas | ||
| 650 | 0 |
_946820 _aMujeres _zJalisco _xCondiciones sociales _vEstadística |
|
| 650 | 0 |
_946821 _aMujeres _zJalisco _xCondiciones económicas _vEstadística |
|
| 650 | 0 |
_aDelitos contra la mujer _zJalisco _vEstadística _946822 |
|
| 650 | 0 |
_946823 _aMujeres huicholas _zJalisco _xCondiciones sociales _vEstadística |
|
| 650 | 0 |
_946825 _aMujeres huicholas _zJalisco _xCondiciones económicas _vEstadística |
|
| 902 | _aNoemiAcosta/270922 | ||
| 942 |
_2lcc _cLIBRO |
||
| 999 |
_c208884 _d208884 |
||